00491nam a2200157Ia 450000500170000000800410001708200130005824500580007126000450012930000130017465000160018765000170020394200060022095200940022699900130032020240626053235.0240331s9999 xx 000 0 und d a082bUNT 3aAn Untimely Death :ba commemoration of K.Kanthasamy aColombob Kanthasamy Commemorationc1989 a108 p ., acompany law ahuman rights cL 001040708LaWERCLbWERCLcSSCd2024-03-31l0o 082 UNTp653r2024-03-31w2024-03-31yL c657d657